[Event "Saint Affrique op 29th"]
[Site "Saint Affrique"]
[Date "2023.07.24"]
[Round "4"]
[White "Debray, Tristan"]
[Black "Buscara, Sevan"]
[Result "0-1"]
[WhiteElo "2158"]
[BlackElo "2354"]
[PlyCount "88"]
[EventDate "2023.07.22"]
[EventType "swiss"]
[EventRounds "9"]
[EventCountry "FRA"]
[SourceTitle "CBM 215 Extra"]
[Source "ChessBase"]
[SourceDate "2023.09.30"]
[SourceVersion "1"]
[SourceVersionDate "2023.09.30"]
[SourceQuality "1"]

1. e4 e5 2. Nf3 Nc6 3. Nc3 Nf6 4. Bb5 Nd4 5. Ba4 Bc5 6. d3 0-0 7. Bg5 c6 8. 0-0 Ne6 9. Bh4 d6 10. Ne2 h6 11. c3 Bb6 12. Bc2 g5 13. Bg3 Nh5 14. d4 f6 15. Qd3 Qe8 16. Nd2 Bc7 17. Nc4 Qe7 18. Rad1 Neg7 19. Ne3 Kh8 20. dxe5 fxe5 21. f3 Nf6 22. Bb3 Bd7 23. Bf2 Rad8 24. Ng3 Nfh5 25. Nxh5 Nxh5 26. c4 Nf4 27. Qc2 Bb6 28. Rd2 Rf6 29. h3 h5 30. Nf5 Bxf5 31. exf5 Bxf2+ 32. Kxf2 Qh7 33. Rfd1 g4 34. hxg4 hxg4 35. Qc1 Qh4+ 36. Ke3 Rh6 37. fxg4 Qg3+ 38. Ke4 Qxg4 39. Ke3 Nxg2+ 40. Kd3 Rh3+ 41. Kc2 Qe4+ 42. Rd3 Ne1+ 43. Kc3 Nxd3 44. Rxd3 Qxd3+ 0-1

[Event "Geneve op 31st"]
[Site "Geneve"]
[Date "2014.08.03"]
[Round "7"]
[White "Debray, Tristan"]
[Black "Prunescu, Claudiu"]
[Result "0-1"]
[WhiteElo "2173"]
[BlackElo "2270"]
[PlyCount "95"]
[EventDate "2014.07.29"]
[EventType "swiss"]
[EventRounds "7"]
[EventCountry "SUI"]
[SourceTitle "CBM 161 Extra"]
[Source "ChessBase"]
[SourceDate "2014.08.29"]
[SourceVersion "1"]
[SourceVersionDate "2014.08.29"]
[SourceQuality "1"]

1. e4 c5 2. c3 d5 3. exd5 Qxd5 4. d4 Nf6 5. Nf3 Bg4 6. dxc5 Qxc5 7. Be3 Qc7 8. Na3 a6 9. h3 Bxf3 10. Qxf3 e6 11. Nc4 Nd5 12. Bd2 Be7 13. Ne3 Nxe3 14. Bxe3 Nc6 15. Be2 0-0 16. Rd1 Rfd8 17. 0-0 Qa5 18. a3 Rac8 19. Rxd8+ Rxd8 20. Rd1 Rxd1+ 21. Bxd1 Qb5 22. Qe2 Qe5 23. Qd3 Qc7 24. Bc2 g6 25. Qc4 b5 26. Qe4 Kg7 27. Bd1 Bf6 28. Bf3 Ne5 29. Be2 Nc4 30. Bxc4 Qxc4 31. Qxc4 bxc4 32. Kf1 Kf8 33. f4 Ke7 34. Ke2 Kd6 35. Kf3 Kd5 36. g4 Be7 37. Ba7 Bd6 38. Bd4 Be7 39. Ba7 h6 40. Bb8 f5 41. gxf5 exf5 42. Ba7 g5 43. Bd4 h5 44. fxg5 Bxg5 45. a4 Bc1 46. Bg7 Ke6 47. Bd4 Bxb2 48. Bg7 0-1

[Event "Montpellier op 20th"]
[Site "Montpellier"]
[Date "2014.07.09"]
[Round "5"]
[White "Navarro, Robin"]
[Black "Debray, Tristan"]
[Result "0-1"]
[WhiteElo "1906"]
[BlackElo "2173"]
[PlyCount "40"]
[EventDate "2014.07.05"]
[EventType "swiss"]
[EventRounds "9"]
[EventCountry "FRA"]
[SourceTitle "CBM 161 Extra"]
[Source "ChessBase"]
[SourceDate "2014.08.29"]
[SourceVersion "1"]
[SourceVersionDate "2014.08.29"]
[SourceQuality "1"]

1. d4 Nf6 2. Nf3 d5 3. Bf4 c5 4. e3 Qb6 5. Nc3 a6 6. Qd2 cxd4 7. Qxd4 Qxd4 8. Nxd4 Nc6 9. Nb3 e5 10. Bg5 Be6 11. Be2 Bb4 12. Nd2 d4 13. exd4 Nxd4 14. Bd3 Rc8 15. Rb1 b5 16. a4 bxa4 17. Bxa6 Rc6 18. Bd3 a3 19. Ne2 a2 20. Ra1 Nxc2+ 0-1

[Event "Montpellier op 20th"]
[Site "Montpellier"]
[Date "2014.07.06"]
[Round "2"]
[White "Debray, Tristan"]
[Black "Labadie, Jean Jacques"]
[Result "1-0"]
[WhiteElo "2173"]
[BlackElo "1943"]
[PlyCount "35"]
[EventDate "2014.07.05"]
[EventType "swiss"]
[EventRounds "9"]
[EventCountry "FRA"]
[SourceTitle "CBM 161 Extra"]
[Source "ChessBase"]
[SourceDate "2014.08.29"]
[SourceVersion "1"]
[SourceVersionDate "2014.08.29"]
[SourceQuality "1"]

1. e4 e5 2. Nf3 Nc6 3. Bc4 Nf6 4. Ng5 d5 5. exd5 Nd4 6. d6 Qxd6 7. Bxf7+ Ke7 8. c3 h6 9. cxd4 hxg5 10. Bc4 exd4 11. d3 Bg4 12. f3 Bf5 13. Bxg5 Re8 14. Kf2 Rxh2 15. Re1+ Kd7 16. Qa4+ c6 17. Rxe8 Nxe8 18. Qa5 1-0

[Event "Cap d'Agde CCAS op"]
[Site "Cap d'Agde"]
[Date "2013.10.26"]
[Round "7"]
[White "Debray, Tristan"]
[Black "Valles, Manuel"]
[Result "0-1"]
[WhiteElo "2147"]
[BlackElo "2336"]
[PlyCount "140"]
[EventDate "2013.10.26"]
[EventType "swiss"]
[EventRounds "9"]
[EventCountry "FRA"]
[SourceTitle "EXT 2016"]
[Source "ChessBase"]
[SourceDate "2015.10.08"]
[SourceVersion "1"]
[SourceVersionDate "2015.10.08"]
[SourceQuality "1"]

1. e4 g6 2. d4 Bg7 3. Nc3 d6 4. Nf3 Nf6 5. Be2 c5 6. dxc5 Qa5 7. 0-0 Qxc5 8. Be3 Qa5 9. Nd4 0-0 10. Nb3 Qc7 11. Nb5 Qd7 12. e5 Ng4 13. exd6 Nxe3 14. fxe3 exd6 15. Nxd6 Qe7 16. Nxc8 Rxc8 17. Bf3 Nc6 18. c3 Qxe3+ 19. Kh1 Rc7 20. Bxc6 bxc6 21. Rf3 Qe5 22. Qd3 Re8 23. Raf1 Qe6 24. Qa6 h5 25. Qa4 Qe2 26. Qf4 Rce7 27. R3f2 Qb5 28. Qd2 Qc4 29. h3 Be5 30. Qg5 Bc7 31. Nd4 Re1 32. Qf6 c5 33. b3 Rxf1+ 34. Rxf1 Qd5 35. Nf3 Re6 36. Qg5 Qd3 37. Qc1 Rf6 38. Kg1 Qd6 39. c4 Qg3 40. Qe3 Qd6 41. Re1 Ba5 42. Rf1 Re6 43. Qh6 Bc7 44. Qd2 Qxd2 45. Nxd2 Bg3 46. Nb1 Re2 47. Nc3 Rc2 48. Ne4 Be5 49. Rd1 Bd4+ 50. Kf1 f5 51. Nd2 Rxa2 52. Nf3 Be3 53. Nh4 g5 54. Rd3 Bd4 55. Nf3 Rf2+ 56. Ke1 Rxg2 57. Nxd4 cxd4 58. Rxd4 Kf7 59. Rd7+ Kf6 60. Rxa7 Rb2 61. Rb7 g4 62. hxg4 hxg4 63. c5 g3 64. Kf1 f4 65. Rb8 Ke5 66. Re8+ Kd5 67. Rf8 Ke4 68. Re8+ Kf3 69. Re1 g2+ 70. Kg1 Kg3 0-1

[Event "EU-ch 12th"]
[Site "Aix les Bains"]
[Date "2011.03.23"]
[Round "2"]
[White "Debray, Tristan"]
[Black "Sjugirov, Sanan"]
[Result "0-1"]
[WhiteElo "2175"]
[BlackElo "2643"]
[PlyCount "114"]
[EventDate "2011.03.22"]
[EventType "swiss"]
[EventRounds "11"]
[EventCountry "FRA"]
[SourceTitle "CBM 142 Extra"]
[Source "ChessBase"]
[SourceDate "2011.06.27"]
[SourceVersion "1"]
[SourceVersionDate "2011.06.27"]
[SourceQuality "1"]

1. e4 c5 2. Nc3 d6 3. g3 g6 4. Bg2 Bg7 5. d3 Nc6 6. Be3 e6 7. Qd2 Rb8 8. f4 Nge7 9. Nge2 Nd4 10. Nc1 b5 11. Nd1 b4 12. a3 a5 13. axb4 axb4 14. c3 bxc3 15. bxc3 Nb3 16. Nxb3 Rxb3 17. 0-0 0-0 18. g4 f5 19. gxf5 exf5 20. e5 Kh8 21. d4 cxd4 22. Qxd4 dxe5 23. Qxd8 Rxd8 24. fxe5 Rb5 25. Ra8 Rxe5 26. Bb7 Rg8 27. Bxc8 Rxc8 28. Rxc8+ Nxc8 29. Bd4 Re2 30. Rf2 Re1+ 31. Rf1 Bxd4+ 32. cxd4 Re4 33. d5 Nb6 34. Nf2 Rd4 35. Rb1 Nxd5 36. Rb7 Nf4 37. Kf1 Kg8 38. Ra7 Rb4 39. Ke1 Rb2 40. Rc7 Rb1+ 41. Nd1 Nd5 42. Rc8+ Kg7 43. Kd2 Ra1 44. Nf2 Ra2+ 45. Ke1 Nf4 46. Rc3 Kf6 47. Nh3 Nxh3 48. Rxh3 h5 49. Kf1 f4 50. Kg1 Kf5 51. Rb3 Kg4 52. Rb4 g5 53. Kh1 Kh3 54. Rb3+ Kh4 55. Rb4 g4 56. Rxf4 Kh3 57. Rb4 Ra1+ 0-1

[Event "FRA-chT1 0910"]
[Site "France"]
[Date "2009.11.22"]
[Round "5.4"]
[White "Jens, Jelmer"]
[Black "Debray, Tristan"]
[Result "1-0"]
[WhiteElo "2369"]
[BlackElo "2180"]
[PlyCount "45"]
[EventDate "2009.09.27"]
[EventType "team-tourn"]
[EventRounds "11"]
[EventCountry "FRA"]
[SourceTitle "EXT 2011"]
[Source "ChessBase"]
[SourceDate "2010.11.26"]
[SourceVersion "1"]
[SourceVersionDate "2010.11.26"]
[SourceQuality "1"]

1. e4 d5 2. exd5 Qxd5 3. Nc3 Qd6 4. d4 Nf6 5. Nf3 Bg4 6. h3 Bh5 7. g4 Bg6 8. Ne5 c6 9. Bg2 e6 10. h4 Na6 11. h5 Bxc2 12. Qxc2 Qxd4 13. Qe2 Bb4 14. 0-0 Bxc3 15. bxc3 Qxc3 16. Rb1 Nc5 17. g5 Nd5 18. Bxd5 cxd5 19. Qb5+ Ke7 20. Bb2 a6 21. Qb6 Qd2 22. Qxc5+ Ke8 23. Bc1 1-0

[Event "FRA-ch op-A"]
[Site "Pau"]
[Date "2008.08.17"]
[Round "6"]
[White "Debray, Tristan"]
[Black "Lahilhanne, Philippe"]
[Result "1/2-1/2"]
[WhiteElo "2145"]
[BlackElo "2051"]
[PlyCount "106"]
[EventDate "2008.08.11"]
[EventType "swiss"]
[EventRounds "9"]
[EventCountry "FRA"]
[SourceTitle "CBM 126 Extra"]
[Source "ChessBase"]
[SourceDate "2008.11.05"]
[SourceVersion "1"]
[SourceVersionDate "2008.11.05"]
[SourceQuality "1"]

1. e4 g6 2. d4 Bg7 3. Nc3 d6 4. Bg5 c6 5. Qd2 a6 6. f3 Qc7 7. Nge2 Nd7 8. g4 h5 9. gxh5 Rxh5 10. h4 b6 11. Ng3 Rh8 12. h5 Bb7 13. Bc4 Ngf6 14. hxg6 Rxh1+ 15. Nxh1 fxg6 16. 0-0-0 0-0-0 17. Bf7 Nf8 18. d5 cxd5 19. exd5 Kb8 20. Re1 Rc8 21. Nf2 b5 22. a3 Qc5 23. Rxe7 N6d7 24. Nfd1 Ne5 25. Be3 Qc4 26. Qd4 Qxd4 27. Bxd4 Bf6 28. Re8 Bg5+ 29. Be3 Bxe3+ 30. Nxe3 Nxf7 31. Re7 Ne5 32. Ne4 Rd8 33. Nxd6 Rxd6 34. Rxe5 Kc7 35. Kd2 Nd7 36. Rg5 Nb6 37. Ke2 Nxd5 38. Ng4 Re6+ 39. Kf2 Kd6 40. Nh6 Ke7 41. Rg1 Nb6 42. b3 Kf8 43. Ng4 Kf7 44. Rh1 Kg7 45. Rd1 Re7 46. Rd6 Nd7 47. Kg3 Nf8 48. f4 Rc7 49. Ne3 Nd7 50. f5 gxf5 51. Nxf5+ Kf8 52. Kf4 Nc5 53. Ke5 Rd7 1/2-1/2

[Event "Barbera del Valles op 31st"]
[Site "Barbera del Valles"]
[Date "2008.07.11"]
[Round "7"]
[White "Perpinya Rofes, Lluis Maria"]
[Black "Debray, Tristan"]
[Result "1/2-1/2"]
[WhiteElo "2385"]
[BlackElo "2145"]
[PlyCount "161"]
[EventDate "2008.07.04"]
[EventType "swiss"]
[EventRounds "9"]
[EventCountry "ESP"]
[SourceTitle "CBM 125 Extra"]
[Source "ChessBase"]
[SourceDate "2008.09.01"]
[SourceVersion "1"]
[SourceVersionDate "2008.09.01"]
[SourceQuality "1"]

1. e4 Nf6 2. e5 Nd5 3. d4 d6 4. Nf3 Bg4 5. Be2 e6 6. h3 Bh5 7. c4 Nb6 8. exd6 cxd6 9. Nc3 Be7 10. d5 0-0 11. dxe6 fxe6 12. Nd4 Bf7 13. 0-0 Nc6 14. Be3 e5 15. Nxc6 bxc6 16. c5 dxc5 17. Ne4 Qxd1 18. Rfxd1 c4 19. Rac1 Rfd8 20. a3 Rxd1+ 21. Rxd1 Rd8 22. Rc1 Rb8 23. Rc2 a5 24. Nd2 Bg6 25. Rc1 Nd5 26. Nxc4 Nxe3 27. fxe3 e4 28. Rc2 Bc5 29. Kf2 a4 30. Ne5 Rf8+ 31. Ke1 Bxe3 32. Bc4+ Kh8 33. Re2 Bg5 34. Nxg6+ hxg6 35. Rxe4 Rb8 36. Bf7 Kh7 37. Rg4 Bf6 38. Bxg6+ Kh6 39. Be4 c5 40. Bc6 Rxb2 41. Rxa4 Ra2 42. Bd5 Ra1+ 43. Ke2 Bb2 44. Ra6+ Kg5 45. a4 Kf4 46. Kd3 Ke5 47. Bb3 Rc1 48. Bc2 g5 49. Rg6 Kf4 50. g3+ Kxg3 51. Rxg5+ Kxh3 52. Rxc5 Ra1 53. Kc4 Kg4 54. Kb5 Kf4 55. a5 Bd4 56. Rf5+ Ke3 57. a6 Rc1 58. Bb3 Ke4 59. Rh5 Rc7 60. Bd5+ Kf4 61. Bb7 Ba7 62. Rh8 Ke5 63. Ra8 Bd4 64. Bc6 Ke6 65. Re8+ Kf6 66. Bg2 Rc5+ 67. Kb4 Rc7 68. Bd5 Ba7 69. Ka4 Bd4 70. Bb7 Kf7 71. Ra8 Rc4+ 72. Kb5 Rc5+ 73. Kb4 Rc7 74. Bd5+ Ke7 75. Rg8 Kd6 76. Bc4 Ba7 77. Rg6+ Ke7 78. Kc3 Kd8 79. Rg8+ Kd7 80. Kd3 Kd6 81. Rg6+ 1/2-1/2

[Event "Barbera del Valles op 31st"]
[Site "Barbera del Valles"]
[Date "2008.07.09"]
[Round "5"]
[White "Sadrija, Enver"]
[Black "Debray, Tristan"]
[Result "0-1"]
[WhiteElo "2265"]
[BlackElo "2145"]
[PlyCount "42"]
[EventDate "2008.07.04"]
[EventType "swiss"]
[EventRounds "9"]
[EventCountry "ESP"]
[SourceTitle "CBM 125 Extra"]
[Source "ChessBase"]
[SourceDate "2008.09.01"]
[SourceVersion "1"]
[SourceVersionDate "2008.09.01"]
[SourceQuality "1"]

1. e4 Nf6 2. Nc3 d5 3. e5 Nfd7 4. d4 c5 5. Nf3 cxd4 6. Qxd4 e6 7. Bb5 a6 8. Qa4 Bc5 9. 0-0 axb5 10. Qxa8 Nc6 11. Bg5 f6 12. exf6 gxf6 13. Bxf6 Nxf6 14. Nxb5 Ne4 15. Nbd4 Bxd4 16. Nxd4 Nxd4 17. Rad1 Nf5 18. Rfe1 Qc7 19. Qa4+ Bd7 20. Qb4 Qxc2 21. f3 Rg8 0-1

[Event "Lyon op"]
[Site "Lyon"]
[Date "2007.11.03"]
[Round "7"]
[White "Debray, Tristan"]
[Black "Strowsky, Yannick"]
[Result "0-1"]
[WhiteElo "2134"]
[BlackElo "2141"]
[PlyCount "68"]
[EventDate "2007.10.31"]
[EventType "swiss"]
[EventRounds "9"]
[EventCountry "FRA"]
[SourceTitle "EXT 2008"]
[Source "ChessBase"]
[SourceDate "2007.11.25"]
[SourceVersion "1"]
[SourceVersionDate "2007.11.25"]
[SourceQuality "1"]

1. e4 d6 2. d4 Nf6 3. Nc3 e5 4. Nge2 exd4 5. Nxd4 Be7 6. f3 0-0 7. Be3 Re8 8. Qd2 a6 9. 0-0-0 b5 10. g4 b4 11. Nce2 c5 12. Nf5 Bxf5 13. gxf5 Qa5 14. Kb1 Nbd7 15. Nf4 Ne5 16. Qg2 Kh8 17. Nh3 c4 18. f4 b3 19. cxb3 cxb3 20. a3 d5 21. fxe5 Bxa3 22. bxa3 Nxe4 23. Bd4 b2 24. Rg1 g6 25. e6+ f6 26. Qf3 Rec8 27. fxg6 Nd2+ 28. Rxd2 Rc1+ 29. Kxb2 Qxd2+ 30. Kb3 Rb8+ 31. Bb6 Rxb6+ 32. Ka4 Qd4+ 33. Ka5 Qc5+ 34. Ka4 Rc4+ 0-1

[Event "Cap d'Agde op"]
[Site "Cap d'Agde"]
[Date "2006.11.01"]
[Round "8"]
[White "Brunner, Nicolas"]
[Black "Debray, Tristan"]
[Result "1/2-1/2"]
[WhiteElo "2421"]
[BlackElo "2132"]
[PlyCount "58"]
[EventDate "2006.10.26"]
[EventType "swiss"]
[EventRounds "9"]
[EventCountry "FRA"]
[SourceTitle "EXT 2007"]
[Source "ChessBase"]
[SourceDate "2006.11.23"]
[SourceVersion "1"]
[SourceVersionDate "2006.11.23"]
[SourceQuality "1"]

1. d4 d5 2. c4 c6 3. Nf3 Nf6 4. Nc3 dxc4 5. a4 Bg4 6. Ne5 Bh5 7. f3 Nfd7 8. Nxc4 e5 9. Ne4 Bb4+ 10. Bd2 Qh4+ 11. g3 Qe7 12. Bxb4 Qxb4+ 13. Qd2 Qxd2+ 14. Kxd2 exd4 15. Ncd6+ Ke7 16. Nf5+ Kf8 17. Nxd4 Na6 18. Bh3 Rd8 19. Rhd1 Bg6 20. Nc3 Ndc5 21. Ke3 Ke7 22. f4 f6 23. Nf5+ Bxf5 24. Bxf5 g6 25. Rxd8 Rxd8 26. Bc2 Nb4 27. Bd1 f5 28. Rc1 Kf6 29. Bc2 a5 1/2-1/2

[Event "FRA-chT2C 0506"]
[Site "France"]
[Date "2006.04.01"]
[Round "10.1"]
[White "Savchenko, Stanislav"]
[Black "Debray, Tristan"]
[Result "1-0"]
[WhiteElo "2495"]
[BlackElo "2118"]
[PlyCount "81"]
[EventDate "2005.10.27"]
[EventType "team-tourn"]
[EventRounds "11"]
[EventCountry "FRA"]
[SourceTitle "EXT 2006"]
[Source "ChessBase"]
[SourceDate "2005.11.24"]
[SourceVersion "1"]
[SourceVersionDate "2005.11.24"]
[SourceQuality "1"]
[WhiteTeam "Marseille Duchamps"]
[WhiteTeamCountry "FRA"]

1. d4 d5 2. c4 c6 3. Nf3 Nf6 4. e3 e6 5. Bd3 Nbd7 6. 0-0 Bd6 7. Nbd2 0-0 8. e4 e5 9. cxd5 exd4 10. Nc4 Bc5 11. dxc6 bxc6 12. Bg5 h6 13. Bh4 g5 14. Bg3 Re8 15. Nfd2 Nb6 16. e5 Nfd5 17. Ne4 Be7 18. Ncd6 Bxd6 19. Nxd6 Re6 20. Qf3 Rxd6 21. exd6 Be6 22. Qe4 Qf6 23. Be5 Qg6 24. Qxg6+ fxg6 25. Rfe1 Kf7 26. Bxd4 Nf4 27. Be4 Rd8 28. Rad1 Nbd5 29. g3 Nh3+ 30. Kg2 Rxd6 31. Bc5 Rd7 32. Bxg6+ Kxg6 33. Rxe6+ Kf5 34. Rd6 Rxd6 35. Bxd6 g4 36. Bc5 a6 37. f4 Ke4 38. Rd4+ Kf5 39. Ra4 Ndxf4+ 40. gxf4 Nxf4+ 41. Kg3 1-0

[Event "Lyon"]
[Site "Lyon"]
[Date "2004.09.20"]
[Round "1"]
[White "Debray, Tristan"]
[Black "L'Hermitte, Emmanuel"]
[Result "1-0"]
[WhiteElo "2088"]
[BlackElo "2010"]
[PlyCount "41"]
[EventDate "2004.09.??"]
[EventType "tourn"]
[EventRounds "10"]
[EventCountry "FRA"]
[SourceTitle "CBM 102 Extra"]
[Source "ChessBase"]
[SourceDate "2004.11.03"]
[SourceVersion "1"]
[SourceVersionDate "2004.11.03"]
[SourceQuality "1"]

1. e4 c6 2. c4 e5 3. Nc3 Bb4 4. Nf3 Qa5 5. a3 d6 6. Na2 c5 7. axb4 cxb4 8. d3 Nc6 9. Bd2 Qb6 10. Qa4 b3 11. Nb4 Bd7 12. Nd5 Qd8 13. Qxb3 Rb8 14. Qc3 Nge7 15. b4 Bg4 16. Nxe7 Qxe7 17. b5 Nd8 18. Be2 b6 19. Qa3 Rb7 20. Bb4 Rd7 21. Nxe5 1-0

[Event "Lyon"]
[Site "Lyon"]
[Date "2004.09.20"]
[Round "2"]
[White "Debray, Tristan"]
[Black "Rodriguez, Jean Pierre"]
[Result "0-1"]
[WhiteElo "2088"]
[BlackElo "1952"]
[PlyCount "78"]
[EventDate "2004.09.??"]
[EventType "tourn"]
[EventRounds "10"]
[EventCountry "FRA"]
[SourceTitle "CBM 102 Extra"]
[Source "ChessBase"]
[SourceDate "2004.11.03"]
[SourceVersion "1"]
[SourceVersionDate "2004.11.03"]
[SourceQuality "1"]

1. e4 c6 2. c4 d5 3. cxd5 cxd5 4. exd5 Nf6 5. Nc3 Nxd5 6. Bc4 Nf6 7. Nf3 Nc6 8. 0-0 Bg4 9. Qb3 e6 10. Ng5 Nd7 11. Nxf7 Kxf7 12. Qxb7 Na5 13. Qe4 Nf6 14. Qd3 Qxd3 15. Bxd3 Bd6 16. b3 Rhd8 17. Bc2 Bf4 18. f3 Bh5 19. Ne4 Be5 20. Rb1 h6 21. h4 Bg6 22. g4 Rac8 23. Nxf6 Bxc2 24. f4 Bd4+ 25. Kg2 Bxb1 26. Nh5 Bxa2 27. f5 Nxb3 28. fxe6+ Kxe6 29. Nf4+ Kd6 30. Ba3+ Bc5 31. Bb2 Rd7 32. Ng6 Nxd2 33. Be5+ Kd5 34. Rd1 Ke4 35. Re1+ Kd5 36. Rd1 Kc6 37. Bf4 Bd5+ 38. Kh3 Nc4 39. Rc1 Kb7 0-1

[Event "FRA-ch op-A"]
[Site "Val d'Isere"]
[Date "2004.08.??"]
[Round "9"]
[White "Debray, Tristan"]
[Black "Agrech, Pierre"]
[Result "1-0"]
[WhiteElo "2114"]
[BlackElo "1975"]
[PlyCount "41"]
[EventDate "2004.08.16"]
[EventType "swiss"]
[EventRounds "9"]
[EventCountry "FRA"]
[SourceTitle "EXT 2005"]
[Source "ChessBase"]
[SourceDate "2004.11.15"]
[SourceVersion "1"]
[SourceVersionDate "2004.11.15"]
[SourceQuality "1"]

1. e4 c5 2. Nc3 g6 3. g3 Bg7 4. Bg2 e6 5. d3 Ne7 6. Be3 d6 7. Qd2 0-0 8. Bh6 d5 9. h4 dxe4 10. Bxg7 Kxg7 11. Nxe4 Qd4 12. c3 Qd5 13. c4 Qe5 14. h5 Ng8 15. Nf3 Qf5 16. Qe3 Nd7 17. Bh3 Qxh5 18. g4 Qh6 19. g5 Qh5 20. Ng3 Qxf3 21. Qxf3 1-0

[Event "FRA-ch op-A"]
[Site "Val d'Isere"]
[Date "2004.08.??"]
[Round "3"]
[White "Debray, Tristan"]
[Black "Mourot, Felix"]
[Result "1-0"]
[WhiteElo "2114"]
[BlackElo "2178"]
[PlyCount "137"]
[EventDate "2004.08.16"]
[EventType "swiss"]
[EventRounds "9"]
[EventCountry "FRA"]
[SourceTitle "EXT 2005"]
[Source "ChessBase"]
[SourceDate "2004.11.15"]
[SourceVersion "1"]
[SourceVersionDate "2004.11.15"]
[SourceQuality "1"]

1. e4 e6 2. d3 d5 3. Nd2 Nf6 4. g3 Nc6 5. Bg2 e5 6. exd5 Nxd5 7. Ngf3 Be7 8. 0-0 0-0 9. Re1 f6 10. c3 Nb6 11. Qb3+ Kh8 12. d4 Bd6 13. dxe5 fxe5 14. Ne4 Na5 15. Qc2 Bf5 16. Qe2 Qc8 17. Bg5 Nc6 18. Nh4 Bg4 19. Qd3 Qd7 20. Nxd6 cxd6 21. Be4 d5 22. Bxh7 e4 23. Bxe4 dxe4 24. Qxe4 Bf5 25. Nxf5 Qxf5 26. Qxf5 Rxf5 27. Be3 Ne5 28. Kg2 Nbc4 29. b3 Nxe3+ 30. Rxe3 Ng4 31. Re2 Rd8 32. Rae1 Rd3 33. h3 Nf6 34. c4 Rdf3 35. g4 R5f4 36. Rf1 Rc3 37. f3 Rd4 38. Rff2 Rd7 39. h4 Kg8 40. Re5 Kf7 41. Rf5 Rcd3 42. Re2 Rd2 43. Kf2 Rxe2+ 44. Kxe2 Ke6 45. h5 Ne8 46. Rg5 Nc7 47. Ke3 Kf7 48. Rf5+ Ke6 49. h6 gxh6 50. Rh5 Kf6 51. Rxh6+ Kg7 52. Rh5 Re7+ 53. Kd4 Re2 54. Re5 Ne6+ 55. Kd5 Nc7+ 56. Kd6 Ne8+ 57. Ke6 Rxa2 58. f4 Ra6+ 59. Ke7 Nf6 60. g5 Ng8+ 61. Kd7 Rb6 62. Rb5 Rxb5 63. cxb5 b6 64. f5 Kf7 65. f6 Nxf6+ 66. gxf6 Kxf6 67. Kc6 Ke6 68. Kb7 Kd6 69. Kxa7 1-0